000 00353pam a2200157a 44500
008 230515b1957 xxu||||| |||| 00| 0 eng d
020 _aNULL
041 _aENGLISH
082 _aN.D.
100 _aReich J .H.
245 _aMicrowave Principle
250 _a0
260 _aNULL
_bAffilated East West Press
_c1957
300 _a427
650 _aNULL
999 _c575292
_d575292